| 000 | 00696 a2200133 4500 | ||
|---|---|---|---|
| 020 | _a9054106964 | ||
| 082 | _a624.15136 BLI | ||
| 245 |
_aMechanics of residual soils : _ba guide to the formation, classification and geotechnical properties of residual soils, with advice for geotechnical design / _cedited by G.E. Blight ; prepared by Technical Committee 25 on the Properties of Tropical and Residual Soils of the International Society for Soil Mechanics and Foundation Engineering. |
||
| 260 |
_aRotterdam ; _aBrookfield, VT : _bBalkema, _c1997. |
||
| 300 |
_avii, 237 p. : _bill. ; _c26 cm. |
||
| 650 | _aSoil mechanics. | ||
| 650 | _aResidual materials (Geology) | ||
| 650 | _aEngineering geology. | ||
| 650 |
_aSoils _zTropics. |
||
| 999 |
_c1040 _d1040 |
||